000 00365 a2200169 4500
001 177934
020 _a85-11-30008-2
040 _cMagnum
100 _aLobato, Monteiro
240 1 0 _aA visita do príncipe
_lpor
245 1 0 _aA visita do príncipe
300 _a24
362 0 _a2000
440 1 _aBrasiliense
697 _aLITERATURA INFANTO
942 _cBK
999 _c177934
_d177934